000
00246nam a2200097Ia 4500
001
778699
005
20250826165930.0
008
250824s9999 xx 000 0 und d
245
0
_a
YAĞMUR YÜKLÜ BULUTLAR
_c
ORHAN KEMAL
260
_b
EVEREST YAYINLARI
999
_c
778699
_d
778699